Estadísticas para Prueba de Madagascar

Haz click aquí para tomar la prueba!

Estadísticas generales

  • Esta prueba ha sido tomada 558 veces
  • La puntuación promedio es 10 de 17

Estadísticas de respuestas

PistaRespuesta% Correcto
Idioma oficialFrancés
93%
CapitalAntananarivo
89%
País africano continental más cercanoMozambique
89%
La nación insular entre Madagascar y lo anteriorComoras
83%
Sorprendentemente, los colonos originales de Madagascar no vinieron
de África, sino que navegaron desde este país del sudeste de Asia
Indonesia
76%
Las islas que son más grandes que MadagascarGroenlandia
73%
Familia de primates que se encuentran sólo en MadagascarLémur
73%
Árboles famosos con troncos gruesosBaobab
58%
90% de las especies de plantas y animales de Madagascar son _____ ,
lo que significa que no se encuentran en ningún otro lugar
Endémica
51%
Las islas que son más grandes que MadagascarBorneo
47%
La principal exportación de Madagascar - un ingrediente clave en algunos heladosVainilla
46%
Madagascar es responsable del 50% de la producción mundial de estas piedras azulesZafiro
43%
Idioma oficialMalgache
41%
El nombre "Madagascar" fue posiblemente inventado por este explorador
italiano del siglo XIII, que confundió la isla con la ciudad de Mogadiscio
Marco Polo
38%
Las islas que son más grandes que MadagascarNueva Guinea
33%
Deporte nacionalRugby
29%
Un pájaro gigante que pesaba cinco veces más que un avestruz
(llevado a la extinción en el año 1200 d.C.)
Aves {Elefante}
17%

Distribución de puntuación

Porcentaje por número respondido

Porcentaje de gente con cada puntuación

Historial de tus puntuaciones

No has tomado esta prueba